Strategic management and competitive advantage : (Record no. 68849)

MARC details
000 -LEADER
fixed length control field 01326nam a22003377a 4500
005 - DATE AND TIME OF LATEST TRANSACTION
control field 20120803120329.0
008 - FIXED-LENGTH DATA ELEMENTS--GENERAL INFORMATION
fixed length control field 120803t xxu||||| |||| 00| 0 eng d
010 ## - LCCN (DPL NO)
LC control number ENG-105491
020 ## - INTERNATIONAL STANDARD BOOK NUMBER
International Standard Book Number 9788120346079
Terms of availability 425.00
035 ## - SYSTEM CONTROL NUMBER
System control number EN-89024
037 ## - SOURCE OF ACQUISITION
Source of stock number/acquisition DBAD / PUB
040 ## - CATALOGING SOURCE
Original cataloging agency DPL
Language of cataloging EN
082 ## - DEWEY DECIMAL CLASSIFICATION NUMBER
Classification number 658.4012
100 ## - MAIN ENTRY--PERSONAL NAME
Personal name Barney, Jay B.
9 (RLIN) 50733
245 ## - TITLE STATEMENT
Title Strategic management and competitive advantage :
Remainder of title concepts /
Statement of responsibility, etc by Jay B. Barney [and] William S. Hesterly
250 ## - EDITION STATEMENT
Edition statement 4th ed
260 ## - PUBLICATION, DISTRIBUTION, ETC. (IMPRINT)
Place of publication, distribution, etc New Delhi
Name of publisher, distributor, etc PHI Learning
Date of publication, distribution, etc 2012
270 ## - ADDRESS
Address M-97, Connaught Circus
City New Delhi
Postal code 110001
300 ## - PHYSICAL DESCRIPTION
Extent xvii,377p. :
Dimensions 28cm(pbk)
Other physical details ill.
500 ## - GENERAL NOTE
General note Includes indexes
650 ## - SUBJECT ADDED ENTRY--TOPICAL TERM
Topical term or geographic name as entry element Strategic planning.
9 (RLIN) 50735
650 ## - SUBJECT ADDED ENTRY--TOPICAL TERM
Topical term or geographic name as entry element Business planning.
9 (RLIN) 50736
650 ## - SUBJECT ADDED ENTRY--TOPICAL TERM
Topical term or geographic name as entry element Industrial management.
9 (RLIN) 50737
650 ## - SUBJECT ADDED ENTRY--TOPICAL TERM
Topical term or geographic name as entry element Competition.
9 (RLIN) 50738
700 ## - ADDED ENTRY--PERSONAL NAME
Personal name Hesterly, William S.
9 (RLIN) 50739
710 ## - ADDED ENTRY--CORPORATE NAME
Corporate name or jurisdiction name as entry element Project Management Institute.
9 (RLIN) 50734
856 ## - ELECTRONIC LOCATION AND ACCESS
Uniform Resource Identifier <a href="http://www.loc.gov/catdir/toc/ecip0410/2003023995.html">http://www.loc.gov/catdir/toc/ecip0410/2003023995.html</a>
942 ## - ADDED ENTRY ELEMENTS (KOHA)
Source of classification or shelving scheme Dewey Decimal Classification
Item type English Books
Classification part 658.4012
Call number suffix BAR
Holdings
Withdrawn status Lost status Source of classification or shelving scheme Damaged status Not for loan Collection code Home library Current library Date acquired Source of acquisition Cost, normal purchase price Total Checkouts Full call number Barcode Date last seen Copy number Cost, replacement price Koha item type
    Dewey Decimal Classification   Not For Loan Non-fiction D.B.Act.Division D.B.Act.Division 03/08/2012 DBAD/PUB 425.00   658.4012 BAR EN-89024 03/08/2012 1 425.00 English Books

© Delhi Public Library
Hit Counter
free hit counter